[Event "EU-ch 12th"]
[Site "Aix les Bains"]
[Date "2011.03.31"]
[Round "9"]
[White "Lupulescu, Constantin"]
[Black "Polgar, Judit"]
[Result "0-1"]
[WhiteElo "2626"]
[BlackElo "2686"]
[Annotator "Estrin/Primel,D"]
[PlyCount "98"]
[EventDate "2011.03.22"]
[EventType "swiss"]
[EventRounds "11"]
[EventCountry "FRA"]
[SourceTitle "CBM 142 Extra"]
[Source "ChessBase"]
[SourceDate "2011.06.27"]
[SourceVersion "1"]
[SourceVersionDate "2011.06.27"]
[SourceQuality "1"]
[TimeControl "40/5400+30:1800+30"]

1. d4 Nf6 2. c4 e6 {Judith joue également régulièrement l'Est-Indienne mais а
Aix, elle a préféré la Nimzo dans plusieurs parties.} 3. Nc3 Bb4 4. Qc2 d5 {
Trés populaire depuis plusieurs années} (4... O-O 5. a3 Bxc3+ 6. Qxc3 b6 (6...
d6) (6... d5 {Une variante proche de la partie et qui est d'ailleurs souvent
une simple transposition} 7. cxd5)) (4... c5) 5. cxd5 (5. a3 {L'alternative}
Bxc3+ 6. Qxc3 Ne4 {[%csl Ge4]} 7. Qc2 Nc6 8. e3 e5 9. cxd5 Qxd5 10. Bc4 Qa5+
11. b4 Nxb4 12. Qxe4 Nc2+ 13. Ke2 Qe1+ 14. Kf3 Nxa1 {Rauzer,
V-Konstantinopolsky,A Leningrad-Kiev Match 1932 0-1}) (5. Nf3 dxc4 $1 6. e4 b5)
5... exd5 (5... Qxd5 $5 6. Nf3 Qf5 $11 {Eljanov,P (2692)-Anand,V (2799) Corus
Wijk aan Zee 2008 (3) 1/2} (6... O-O 7. Bd2 Bxc3 8. bxc3)) 6. Bg5 h6 7. Bh4 (7.
Bxf6 Qxf6 8. a3 (8. e3) 8... Bxc3+ 9. Qxc3) 7... c5 8. dxc5 (8. O-O-O $2 {
Estrin: Planning an unfortunate attempt to improve on Keres-Botvinnik, 1941,
which cost Lukin two points in this event.} Bxc3 {Lukin,A-Estrin,Y USSR ch-05
6063 1960 0-1}) (8. Nf3) (8. e3) 8... g5 $1 (8... Nc6 9. O-O-O g5 10. Bg3 Qa5
$13 {Battaglini,G (2092)-Sokolov,A (2543) Corsica op Bastia rapid 1999 (1) 0-1}
) 9. Bg3 {91} Ne4 {92 Les deux adversaires ont joué а tempo jusqu'ici} 10.
O-O-O {Une ligne risquée et qui doit bien convenir au style tactique de la
hongroise} (10. e3 {Plus courant} Qa5 11. Nge2 Bf5 $1 $132 {[%cal Gf5c2];
Bareev,E (2714)-Topalov,V (2735) Amber-blindfold 13th rapid 2004 (4) 1/2})
10... Bxc3 {85 D'habitude, dans cette variante les Noirs donnent la paire de B
pour obtenir une petite avance de développement mais en compensation, les
Blancs ont une meilleure structure et des perspectives а long terme. Dans
cette variante, les Noirs ont le beurre et l'argent du beurre!} 11. f3 {
91 La pointe du système des Blancs qui sacrifie la qualité et rentre dans des
positions peu claires.} Bd2+ $1 {09 Fin de la préparation des Noirs} (11...
Nxg3 $6 12. Qxc3 Nxe2+ 13. Nxe2 O-O 14. h4 $40 {[%csl Rg8,Gh1]}) 12. Rxd2 Nxd2
13. Qxd2 d4 $5 $146 {62 La nouveauté a probablement été trouvée devant
l'échiquier} (13... Nc6 14. e3 (14. h4 g4 15. e3 Qa5 16. Qxa5 Nxa5 17. Ne2 gxf3
18. gxf3 Nc6 19. Nc3 Be6 20. e4 O-O-O 21. Nb5 dxe4 22. fxe4 Rdg8 23. Nd6+ Kd7
24. Be1 Rg6 25. Nxb7 Rhg8 26. Bb5 Rg1 27. Rxg1 Rxg1 28. Kd2 Kc7 {Seirawan,Y 
(2635)-Moiseenko,A (2715)/Ningbo 2011/1/2-1/2 (67)}) 14... Be6 15. Bb5 f6 16.
Ne2 Kf7 17. Bxc6 bxc6 18. Nd4 Bd7 19. Bd6 Qc8 20. Qa5 Re8 21. Kd2 g4 22. fxg4
Bxg4 23. Qc7+ Qxc7 24. Bxc7 Bd7 25. Bf4 h5 26. g3 a5 27. b3 Ra7 28. a3 {
Gongora Reyes,M (2452)-Corrales Jimenez,F (2597)/Toluca 2011/1/2-1/2 (36)}) (
13... Be6 14. h4 {[%cal Gh1h8]} (14. e3 {[%csl Gd4][%cal Gg1e2,Ge2d4]}) 14...
g4 15. e3 Nd7 $132 {Rajlich,I (2411)-Sethuraman,S (2425) Budapest FS06 GM 2008
(2) 1/2}) 14. Bd6 {[%csl Gd6,Re8] 74} (14. Be5 $143 {[%cal Ge5d4,Ge5h8] Trop
lent} O-O 15. h4 Nc6 $1 {[%cal Gc6e5,Gc6d4]} 16. Bd6 Re8 $32 {[%csl Rc1,Gd4]
[%cal Gc8f5]} 17. hxg5 Qxg5 {[%cal Gg5d2]} (17... hxg5) 18. Nh3 Qxd2+ 19. Kxd2
Bf5 20. Nf4 Kg7 21. Nh5+ Kg6 $11) 14... Nc6 {[%csl Gc6] 54} 15. e3 {[%csl Re8]
Il faut profiter de la position exposée du K Noir pour ouvrir le jeu} dxe3 16.
Qc3 {Un joli coup intermédiaire} (16. Qxe3+ $143 Be6) 16... Rg8 17. Bb5 $1 (17.
h4 $2 Qa5 $17 {[%cal Ga5a2,Ga5c3]}) 17... Be6 (17... Bd7 18. Qxe3+ Ne7 19. Ne2
$3 Bxb5 20. Nd4 $40 {[%csl Re7,Re8][%cal Gd4f5,Gh1e1]}) 18. Ne2 {[%cal Gh1d1,
Gh1e1] 66 Les blancs ont quasiment terminé le développement alors que le K
Noir est bloqué au centre} a6 {40} 19. Ba4 {26 Joué après une longue réflexion
pour évaluer les conséquences de l'échange en "c6"} (19. Bxc6+ bxc6 20. Nd4 $1
{[%csl Gd4][%cal Gd4c6,Gd4e6] Ce coup posait problème aux Noirs et il n'est
pas facile de trouver la raison pour laquelle, les Blancs n'ont pas joué 19.Bc6
} (20. Qxe3 Qd7 21. Nc3 O-O-O $6 22. Na4 $36 {[%cal Ga4b6]}) 20... Qd7 (20...
Bxa2 $2 21. Qxe3+) (20... Rg6 $2 21. Nxc6) (20... Bd5 21. Nxc6 $1 (21. Re1 {
[%csl Re8]}) 21... Bxc6 22. Qe5+ Kd7 23. Qf5+) (20... e2 21. Re1 Qd7 22. Qa5 {
[%csl Re8]}) 21. Re1 $36) 19... Qd7 20. Nd4 {26} O-O-O $13 {28} 21. Qd3 {19} (
21. Qxe3 Bd5 22. Rd1 g4) 21... Bd5 22. Qxe3 {8} b5 $1 {14} 23. Bc2 Rge8 {
Les pièces Noires sont maintenant bien coordonnées et les compensations des
Blancs vont être insuffisantes} 24. Qd2 Nxd4 25. Qxd4 Qe6 26. Qb4 (26. a4 Bb3
$36) 26... Bxa2 27. Rd1 {Un choix courageux des Blancs qui refusent de forcer
la nulle en jouant b3 mais avec seulement 02 mns pour passer le contrôle de
temps, c'est trés risqué.} (27. b3 Qf6 {[%cal Gf6a1]} 28. Qa5 {[%cal Ga5a2,
Ga5c7]} Qa1+ 29. Kd2 Qd4+ 30. Kc1) 27... Qe3+ $1 {06 gagne un peu de temps
avec l'incrément} 28. Rd2 Qe1+ $1 {[%csl Rd2][%cal Ge1b4,Ge8e2]} 29. Bd1 Re2
$36 {Une position trés compliquée mais qui convient au style tactique de la
hongroise} 30. Qg4+ Re6 31. Re2 $2 $138 {Les Blancs n'avaient plus qu'une
minute} (31. Qb4 $1 {Il vallait mieux répéter les coups plutôt que de risquer
de forcer la position.} Re2 32. Qg4+ f5 33. Qxf5+ Be6 34. Rxe2 Qxe2 35. Qh7
Qe3+ 36. Kb1 $132 {[%csl Rc8][%cal Gh7c7]}) 31... Qf1 $17 {04} 32. Qf5 (32.
Rxe6 Bxe6 33. Qe4 {[%csl Rc8][%cal Ge4c6]} Qc4+ 34. Qxc4 Bxc4) 32... Bb3 {
[%csl Rd1]} 33. Rd2 Qc4+ 34. Kb1 Ba2+ 35. Ka1 Qc1+ 36. Kxa2 Qxd2 37. Qxf7 Rexd6
$1 {les Blancs n'ont plus rien} 38. cxd6 Qxd6 $19 39. Bb3 Kb8 40. h3 Qe5 41.
Qg6 Rd6 42. Qg8+ Ka7 43. Qh7+ Kb6 44. Bc2 a5 45. Be4 Qe6+ 46. Ka1 Rd1+ 47. Bb1
a4 48. Qh8 Qd6 49. Qe8 Rd2 {Ce gain permet а la hongroise de rejoindre le
groupe de tête а 02 rondes de la fin.} 0-1

[Event "Veterans-Women"]
[Site "Copenhagen"]
[Date "1997.??.??"]
[Round "8"]
[White "Ioseliani, Nana"]
[Black "Spassky, Boris Vasilievich"]
[Result "1-0"]
[WhiteElo "2520"]
[BlackElo "2550"]
[Annotator "Finkel,A"]
[PlyCount "76"]
[EventDate "1997.07.23"]
[EventType "schev"]
[EventRounds "10"]
[EventCountry "DEN"]
[SourceTitle "CBM 061"]
[Source "ChessBase"]
[SourceDate "1997.11.23"]
[SourceVersion "1"]
[SourceVersionDate "1997.11.23"]
[SourceQuality "1"]

1. d4 {Baburin,A} Nf6 2. c4 e6 3. Nc3 Bb4 4. Qc2 d5 5. cxd5 exd5 6. Bg5 h6 7.
Bh4 Nbd7 {Baburin: In this system Black's best bid is 7...c5, as otherwise the
position of the bishop on b4 is hard to justify. Black also tried:} (7... g5 $5
8. Bg3 Ne4 9. e3 c6 $5 10. Bd3 Nxg3 (10... Bf5 11. Nge2 Nxg3 12. Nxg3 Bxd3 13.
Qxd3 $14) 11. hxg3 Be6 12. a3 Bf8 13. f4 $5 $132 {Kasparov,G-Nikolic,P/
Belgrade 1989,(40)} (13. f4 {Baburin,A} gxf4 14. gxf4 Bg4 15. Bf5 Bxf5 16. Qxf5
$16 {Kasparov-Nikolic, Belgrade 1989.})) (7... O-O $5 8. e3 Be6 9. Bd3 Nbd7 10.
Nge2 Re8 11. O-O (11. Nf4 $5) 11... Bd6 12. f3 (12. Nb5 $2 Bxh2+ $1 13. Kxh2
Ng4+ 14. Kg3 g5 $17) 12... c6 13. h3 Be7 14. Rad1 $14 {Lazarev,V-Sebastianelli,
D/Festival Porto San Giorgio 1997/EXP 59 (34)} (14. Rad1 {Baburin,A} a6 15. Kh1
$16 {Lazarev-Sebastianelli, Porto San Giorgio 1997.})) 8. e3 O-O 9. Bd3 c5 10.
Nge2 (10. dxc5 $5 Nxc5 11. Nge2 Nxd3+ 12. Qxd3 Be6 13. O-O Be7 14. Rfd1 Qa5 15.
Nd4 $14 {Alekhine,A-Bogoljubow,E/Wch15-GER 1934/MAINB/1/2-1/2 (42)} (15. Nd4 {
Baburin,A} Rfc8 16. Rac1 Rc4 17. b3 Rc5 18. Na4 Rxc1 19. Rxc1 Rc8 20. Rxc8+
Bxc8 21. Qc3 Qd8 22. f3 Bd7 23. Nb2 Qb6 24. Nd3 Ne4 {Alekhine,A-Bogoljubow,E/
Wch15-GER 1934/MAINB/1/2-1/2 (42)})) (10. Nf3) 10... c4 $13 {Logical
continuation leading to complicated positional battle.} 11. Bf5 Nb6 12. O-O {
Baburin:Such pawn formations,with black pawns on c4 and d5,are very common in
the Ragozin Defence. However, compared to that line, White has an advantage
here, since her knight is on e2, rather than on f3. This greatly increases
White's control over the important e4-square.} Re8 (12... Bxf5 $5 13. Qxf5 Qd7
14. Qf3 Be7 $13 15. Bg3) 13. a3 Bf8 $6 ({Better was} 13... Be7 $5 {unpining
the knight.}) 14. Bxc8 Rxc8 15. Rad1 {The plans of the both sides are
perfectly clear:white has to try to break through in the center while black
has to advance the pawns on the queenside. Baburin:Black's knight is stuck on
b6, thus depriving him of a chance to advance his pawns on the queenside,
while White can gradually prepare the advance in the centre.} Rc6 16. Rfe1 a6
17. Qd2 g5 $6 {Otherwise black can't move the knight from b6,but now black
seriously weakens his kingside which becomes crucial.Better was to admit his
mistake and to play 17...Be7 with unclear position.} ({Baburin:Perhaps, a less
committing move} 17... Nc8 {Baburin,A was worth considering.}) 18. Bg3 Nbd7 19.
f3 b5 20. Bf2 $1 Qb8 21. Ng3 a5 22. e4 $14 b4 $6 (22... dxe4 $5 23. d5 $1 Rcc8
24. Ncxe4 b4 25. d6 Nxe4 26. Nxe4 Bg7 27. Bd4 $14) 23. axb4 axb4 24. Nxd5 Nxd5
25. exd5 Rcc8 (25... Rxe1+ 26. Rxe1 Rd6 27. Qc2 Qb5 28. Rc1 Nb6 29. Ne4 $1 $36)
26. Rxe8 Rxe8 27. Qc2 $1 $16 Nb6 28. Nh5 $1 {[%csl Rf6] Fully exploiting the
weakness of black's kingside.} Bg7 29. Bg3 Qc8 30. Be5 $1 Rxe5 $8 (30... Bxe5
31. dxe5 Rxe5 32. Nf6+ Kf8 (32... Kg7 33. Qh7+ $1 Kxf6 34. Qxh6+ Ke7 35. Qxb6
$18) 33. Qh7 Qc5+ 34. Kf1 Ke7 35. Ne4 $18) 31. dxe5 Bxe5 32. d6 b3 (32... Qc5+
33. Kh1 Bxd6 $2 34. Nf6+ Kf8 35. Ne4 $18) 33. Qf2 Qc6 34. Qe2 Nd7 (34... Bxd6
$8 35. Nf6+ (35. Qd2 $5) 35... Kf8 36. Ne4 (36. Rxd6 $6 Qxd6 37. Qe8+ Kg7 38.
Nh5+ Kg6 39. Qg8+ Kf5 $1 40. Qxf7+ Ke5 $13) 36... Be5 37. g3 $16) 35. Rc1 Bd4+
$6 (35... Qxd6 36. Rxc4 (36. Rd1 $5 Qc5+ 37. Kh1 Nf8 38. Ng3 $16) 36... Bxh2+
37. Kh1 Be5 38. Rc8+ Nf8 39. Re8 $16) 36. Kh1 Ne5 37. d7 $1 $18 Qd6 (37... Nxd7
38. Qe8+ Kh7 39. Qxf7+ Kh8 40. Re1) 38. Rxc4 Nxd7 1-0

[Event "EU-ch 14th"]
[Site "Legnica"]
[Date "2013.05.14"]
[Round "9"]
[White "Dreev, Alexey"]
[Black "Pashikian, Arman"]
[Result "1-0"]
[WhiteElo "2654"]
[BlackElo "2603"]
[Annotator "Ftacnik,L"]
[PlyCount "59"]
[EventDate "2013.05.05"]
[EventType "swiss"]
[EventRounds "11"]
[EventCountry "POL"]
[SourceTitle "CBM 155"]
[Source "ChessBase"]
[SourceDate "2013.07.16"]
[SourceVersion "1"]
[SourceVersionDate "2013.07.16"]
[SourceQuality "1"]

1. d4 Nf6 2. c4 e6 3. Nc3 Bb4 4. Qc2 d5 5. cxd5 exd5 6. Bg5 c5 {Pashikian is
trying to find out from his strong opponent what he can achieve against his
very active opening plan.} 7. dxc5 h6 8. Bh4 g5 9. Bg3 Ne4 {Just a few decades
ago a similar approach would have been considered scandalous. We are living in
a slightly different atmosphere and suprisingly Black's activity can be
considered to be at most controversial.} 10. Nf3 {Dreev is a very well
prepared grandmaster but even with hindsight he has problems to find at this
important juncture anything better than the text.} (10. e3 Qa5 11. Nge2 (11.
Be5 O-O 12. Bd3 Nc6 $1 13. Bxe4 Nxe5 14. Bxd5 Bg4 $1 15. Nf3 Bxf3 16. Bxf3 (16.
gxf3 Rac8 $36) 16... Nxf3+ 17. gxf3 Rac8 18. O-O {˝-˝ Kasparov,G-Short,N/
London (m/5) 59/(593) 1993} (18. O-O Rxc5 19. Qe4 Bxc3 20. bxc3 b6 21. f4 Qxc3
$10)) 11... Bf5 12. Be5 O-O 13. Nd4 Re8 14. Nxf5 (14. Bxb8 Bg6 (14... Nxc3 15.
Nxf5 Ne4+ 16. Kd1 Raxb8 17. f3 Rbc8 18. fxe4 dxe4 19. Bc4 Qxc5 20. Bxf7+ Kxf7
21. Qxc5 Bxc5 22. Rc1 Red8+ {1/2 (22) Laznicka,V (2703)-Leko,P (2720) Porto
Carras 2011}) 15. Bc7 Qxc7 16. Bd3 Bxc5 17. Bxe4 dxe4 18. O-O-O Rac8 19. Kb1
Red8 20. Nb3 Be7 21. Rxd8+ Rxd8 $15 {1/2 (67) Bareev,E (2714)-Topalov,V (2735)
Monte Carlo 2004}) 14... Rxe5 15. Nxh6+ Kg7 16. Ng4 Re7 17. O-O-O Bxc3 18. f3
Qxa2 19. fxe4 Qa1+ 20. Qb1 Bxb2+ 21. Kc2 Qa4+ 22. Kxb2 Rxe4 23. Rd4 Rxd4 24.
exd4 Qxd4+ 25. Ka3 Qxg4 26. Qxb7 Qd4 {1/2 (31) Radjabov,T (2793)-Topalov,V 
(2771) Zug 2013}) (10. Bxb8 Qf6 11. Bg3 (11. O-O-O Bxc3 12. Bg3 Bf5 13. Qb3
Nxc5 $1 14. Qxc3 $140 Rc8 $1 {forcing White to give material.}) 11... Nxc3 12.
a3 Bf5 13. Qd2 Ba5 14. b4 (14. e3) (14. Nf3) 14... Ne4 15. Qc1 Rc8 16. Ra2 Rxc5
17. Qa1 Qc6 18. Qe5+ Kd8 19. Qxh8+ Kd7 {0-1 (19) Sokolov,I (2676)-Aronian,L 
(2756) Turin 2006}) (10. O-O-O Bxc3 11. f3 Bd2+ 12. Rxd2 Nxd2 13. Qxd2 Nc6 14.
h4 g4 15. e3 Qa5 16. Qxa5 Nxa5 17. Ne2 gxf3 18. gxf3 Nc6 19. Nc3 Be6 20. e4
O-O-O 21. Nb5 dxe4 22. fxe4 Rdg8 23. Nd6+ Kd7 {1/2 (67) Seirawan,Y (2635)
-Moiseenko,A (2715) Ningbo 2011}) 10... Na6 {Black had to be very careful, as
the line was deeply analysed by his opponent as can be seen from game samples.
The development of pieces can hardly be a wrong plan.} (10... Bf5 11. Nd4 Nxc3
12. Nxf5 Ne4+ 13. Kd1 Qf6 14. Nd6+ Nxd6 15. Bxd6 Qxf2 16. Qd3 Nc6 17. e3 Qe1+
18. Kc2 Qxa1 19. Qxd5 Ba5 20. Bb5 Qxh1 21. Bxc6+ bxc6 22. Qxc6+ Kd8 23. Qxa8+
Kd7 24. Qxa7+ $18 {1-0 (109) Dreev,A (2654)-Landa,K (2642) Loo 2013}) 11. Nd4 (
11. e3 Naxc5 12. Bb5+ Bd7 13. Bxd7+ Qxd7 14. O-O Bxc3 15. bxc3 O-O 16. Rfd1 Qa4
17. Rac1 Qxc2 18. Rxc2 Rfd8 19. Nd4 Rac8 20. Nf5 Kf8 21. Be5 f6 $11 {1/2 (40)
Dreev,A (2654)-Kravtsiv,M (2595) Legnica 2013}) 11... Naxc5 12. f3 $1 {If
White aspires to any advantage he must force the decision of his adversary.
The peaceful 12.e3 does not seem to offer any space for aggression.} (12. e3
Qe7 13. Be2 a6 14. Rd1 h5 15. f3 Nxg3 16. hxg3 Qxe3 17. Kf1 $11) 12... Nxc3 (
12... Bxc3+ 13. bxc3 Nxg3 14. hxg3 Qd6 15. Kf2 O-O 16. e3 Re8 17. Bd3 $14) 13.
bxc3 Ba5 14. e3 {It is quite possible that we will see attempts to justify an
ambitious plan with 14.h4!?} (14. h4 $5 g4 15. Be5 O-O 16. Nf5 $14) 14... O-O (
14... Qe7 15. Bb5+ Kf8 16. O-O Kg7 (16... Qxe3+ 17. Bf2 Qxc3 18. Qxc3 Bxc3 19.
Rac1 Bb4 20. Nc2 $18) 17. Rae1 $14) 15. Bd3 Re8 (15... Qe7 16. Bh7+ Kh8 17. O-O
Bd7 18. Rac1 Rac8 $11) 16. O-O Bd7 {Pashikian is right in showing some respect
and not taking too much of a risk. The move 16...Rxe3 might have been
attractive, but also incomparably more risky.} (16... Rxe3 17. Bh7+ Kf8 18. Ne2
(18. Nb5 Ne6 19. Qd2 d4 20. Bf2 Rxc3 $15) 18... Qe7 19. Rae1 Bd7 20. Qd2 Re8
21. Nf4 Bc6 22. Nxd5 Bxd5 23. Qxd5 $11) 17. Bh7+ Kh8 (17... Kg7 18. Rae1 Ba4
19. Qb1 Qb6 (19... Bxc3 20. Rc1 Qa5 21. f4 g4 22. Be1 Bxe1 23. Rfxe1 $11) 20.
Qf5 Bxc3 (20... Bd7 21. Qc2 Ba4 $11) 21. Rb1 Qf6 $11) 18. Bf5 Rxe3 {Black's
patience has not been great enough for the logical development of the
remaining pieces with 18...Rc8. Grabbing the pawn on e3 is not missing the
mark yet, but it definitely creates tension that has to be handled with care.}
(18... Rc8 19. Bxd7 Qxd7 20. Nf5 Na4 21. Nxh6 Rxc3 22. Qd1 Kg7 23. Ng4 Bb6 24.
Kh1 $13) 19. Bxd7 Nxd7 (19... Qxd7 20. Nf5 Re6 21. Rae1 Rae8 22. Rxe6 Rxe6 23.
Bf2 Bb6 24. Rd1 $11) 20. Rad1 $1 {Dreev has the inner peace to finishing his
mobilisation - despite the unpleasant pressure against his c3-pawn.} Qf6 (20...
Rxc3 21. Qf5 Bb6 22. Qxf7 Qf6 23. Qxd7 Bxd4+ 24. Kh1 $14) (20... Bxc3 $2 21.
Nf5 $18) 21. Bf2 Rxc3 $2 {[%mdl 2048] If Black wanted to play with fire his
choice was surely perfect. On the other hand the level of risk has risen way
above the acceptable level.} (21... Re7 $1 22. Nf5 Re5 23. Nxh6 Qxh6 24. Qa4
Bxc3 25. Qxd7 Qe6 26. Qxb7 $14) (21... Re5 22. f4 $1 Re4 (22... gxf4 23. Nf3
Rh5 24. Qa4 Qd8 25. Qxf4 $16) 23. fxg5 hxg5 24. Qa4 Qd8 25. Qb5 Ne5 26. Nf5 Bb6
27. Ng3 $16) 22. Qa4 Qd8 23. Nb3 Bb6 (23... Rxb3 24. Qxb3 Nf6 25. Qxb7 Kg7 26.
Rc1 $16) 24. Rxd5 {Please note, that White has an excellent initiative for the
sacrificed pawn. Black is struggling with scattered pieces and a seriously
exposed king.} Bxf2+ (24... Rc6 25. Nd4 Rc7 26. Bg3 $16) 25. Rxf2 Rc7 (25...
Rc6 26. Qd4+ $18) 26. Re2 $6 {It is no secret that White must have felt very
confident in the position. As a consequence his attention has slipped and he
threw away lion's share of his advantage.} (26. Rfd2 $2 Qe7 $11) (26. Qd4+ $1
f6 (26... Kg8 27. Qd1 $1 a5 28. Rfd2 $18) (26... Kh7 27. Qd3+ Kg7 28. h4 Rac8
29. hxg5 hxg5 30. f4 $18) 27. Re2 $18) 26... Qc8 27. Qd4+ Kg8 $2 {Black is
panicking despite the fact, that he could definitely have put up much better
resistance.} (27... Kh7 28. h4 Nb6 29. Rd6 Rc6 30. hxg5 Rxd6 31. Qxd6 hxg5 32.
Qf6 Qg8 33. Re7 Rf8 34. Rxb7 $14) 28. Rd6 $1 Rc4 $2 (28... Nf8 29. Rxh6 Ng6 30.
Qd5 Kg7 31. Qxg5 Qd8 32. Rh5 Qxg5 33. Rxg5 $16) 29. Qd5 Nb6 {The last move
that shows how badly Black was missing the boat. For better or worse it was
imperative to bring the piece closer to the king, not move it further away
from him. As a reward he will now be forcibly mated.} (29... Nf8 30. Re7 $1 Rf4
31. g3 Rf5 32. Qd4 $18) 30. Rg6+ 1-0